| 000 | 01295cam a22003134i 4500 | ||
|---|---|---|---|
| 003 | PE-LiUPU | ||
| 005 | 20220706100254.0 | ||
| 008 | 150616s1971 sp r 000 0 spa d | ||
| 035 | _a(Sirsi) a3563 | ||
| 040 |
_aPE-LiUPU _bspa _cPE-LiUPU _dPE-LiUPU _erda |
||
| 049 | _aPRUA | ||
| 082 | 0 | 4 |
_a261 _bG98 _221 |
| 100 | 1 |
_aGutiérrez García, José Luís, _eautor. |
|
| 245 | 1 | 0 |
_aConceptos fundamentales en la doctrina social de la iglesia / _cJosé Luis Gutiérrez García. |
| 264 | 1 |
_aMadrid : _bCentro de Estudios Sociales del Valle de los Caidos, _c1971. |
|
| 300 |
_a550 páginas ; _c26 centímetros. |
||
| 336 |
_atext _2rdacontent |
||
| 337 |
_aunmediated _2rdamedia |
||
| 338 |
_avolume _2rdacarrier |
||
| 490 | 0 | _aColección documental de ciencias sociales | |
| 505 | 0 | _aDiccionario de conceptos fundamentales M - Q. | |
| 650 | 0 | 4 | _aTeología cristiana moderna. |
| 910 |
_ajck _bjvq _cjck |
||
| 942 |
_2ddc _cBOOK |
||
| 949 |
_a261 G98 _wDEWEY _c1 _i12605 _lCCODEBUL1 _mBUL _p00.00 _r0 _sY _tBOOK _u2015-04-23 _xTEOLOGIA _zUNKNOWN _0COMPRA _o.STAFF. Colección General |
||
| 994 |
_aC0 _bPEPRU |
||
| 596 | _a1 | ||
| 999 |
_a261 G98 _wDEWEY _c43615 _i12605 _f2021-11-10 _g5 _lCCODEBUL1 _mBUL _p50.00 _r0 _sY _tBOOK _u2015-4-23 _xTEOLOGIA _PP35 _0COMPRA _o.STAFF. Colección Teología _d43615 |
||